000 00248nam a2200097Ia 4500
008 230508s1995 xx 000 0 und d
041 _aeng
100 _aMC CABE,LANCKTON D WYER
245 _aMETERING PUMP HANDBOOK
260 _bINDUSTRIAL PRESS
_c1995
999 _c723803
_d723803